Anales : XXXII reunión anual
Saved in:
| Corporate Authors: | , , |
|---|---|
| Format: | Book |
| Language: | Multiple English |
| Published: |
Bahía Blanca :
Universidad nacional del Sur,
1997
|
| Subjects: |
| LEADER | 01360nam#a2200361#a#4500 | ||
|---|---|---|---|
| 001 | 009065 | ||
| 003 | AR-BeUNQ | ||
| 005 | 20190712101854.0 | ||
| 008 | 030414s1997####ag##################mul#d | ||
| 999 | |c 11520 |d 86907 | ||
| 040 | |a AR-beUNQ |e aacr | ||
| 041 | 1 | |a eng | |
| 099 | |a 05-A8 | ||
| 110 | 2 | |a Asociación Argentina de Economía Política [Buenos Aires] | |
| 245 | 0 | 0 | |a Anales : XXXII reunión anual |c Asociación Argentina de Economía Política [Buenos Aires]. |
| 260 | |a Bahía Blanca : |b Universidad nacional del Sur, |c 1997 | ||
| 300 | |a 5 v : |b tablas | ||
| 500 | |a La biblioteca tiene solamente el tomo II | ||
| 611 | 2 | 4 | |a XXXII reunión anual |
| 650 | 7 | |a ECONOMIA INTERNACIONAL |2 Spines | |
| 650 | 7 | |a COMERCIO INTERNACIONAL |2 Spines | |
| 650 | 7 | |a MERCADO FINANCIERO |2 Spines | |
| 650 | 7 | |a ESTADO |2 toit | |
| 650 | 7 | |a POLITICA FISCAL |2 Spines | |
| 650 | 7 | |a GASTOS PUBLICOS |2 Spines | |
| 650 | 7 | |a POBREZA |2 Spines | |
| 650 | 7 | |a POLITICA ECONOMICA |2 Spines | |
| 651 | 7 | |a ARGENTINA |2 Spines | |
| 653 | |a ECONOMIA POLITICA | ||
| 710 | 2 | |a Universidad Nacional del Sur. Departamento de Economía | |
| 711 | 2 | |a XXXII reunión anual () |e Asociación Argentina de Economía Política [Buenos Aires]; Universidad Nacional del Sur. Departamento de Economía | |
| 929 | |a COMPRA |b Universidad Nacional del Sur |d 30,00E |e 20030411 |f patrimonio |j 33396 | ||
| 942 | |c LIB |n 0 | ||